00482nam a2200157Ia 4500003000900000008004100009020001800050040001600068080001700084245009200101260003600193300001000229650004100239650002200280700002200302IN-BaIIA211028s9999 xx 000 0 eng d a0-7011-2314-1 cIIA Library a52(091)bINS 0aIn search of ancient astronomiescedited by Krupp E. C  aLondonbChatto and Windusc1979 a277p. aAstronomy and astrophysics thesaurus aAstronomy-History aKrupp, E. C., ed.